000 00443cam a22001337a 4500
008 180718b1976 xxu||||| |||| 00| 0 eng d
082 _aA81x54 In2/71/5/Pt 2 C/1
100 _aCensus of India 1971
245 _aGujarat: social and cultural tables
260 _aDelhi
_bThe Controller of Publications
_c1976
300 _a115+p.
440 _aCensus of India 1971. Series-5, Gujarat. Part II-C (i)
500 _aContents: Tables C-VII and C-Viii
999 _c485142
_d485142